| 000 | 01918nam a2200433 a 4500 | ||
|---|---|---|---|
| 001 | vtls000294556 | ||
| 003 | NLI | ||
| 005 | 20210602131805.0 | ||
| 008 | 101203s1976 nyu 101 0 eng | ||
| 020 | _a0306390698 | ||
| 039 | 9 |
_y201012031945 _zVLOAD |
|
| 040 | 0 |
_aNLI _beng _cVERGIS-2010 _eAACR2 |
|
| 041 | 0 | _aeng | |
| 044 | _anyu | ||
| 082 | 0 | 4 | _a612.8 |
| 111 | 2 |
_aSatellite Symposium of the International Society for Neurochemistry _d(September 9-11,1975 : _cPadua, Italy) _9455436 |
|
| 245 | 1 | 0 |
_aTransport phenomena in the nervous system : _bphysiological and pathological aspects : _bproceedings of the satellite symposium of the International Society for Neurochemistry held in Padua, Italy, September 9-11, 1975 / _cedited by Giulio Levi, Leontino Battistin, Abel Lajtha |
| 260 |
_aNew York : _bPlenum Press, _cc1976 |
||
| 300 |
_axxii, 541 p. ; _c26 cm. |
||
| 440 | 0 |
_aAdvances in experimental medicine and biology ; _vv. 69 _9407967 |
|
| 500 | _aIncludes index | ||
| 650 | 0 |
_aNeurochemistry _vCongresses _9413715 |
|
| 650 | 0 |
_aBiological transport _vCongresses _9414454 |
|
| 650 | 0 |
_aBlood-brain barrier _vCongresses _9455437 |
|
| 650 | 0 |
_aNervous system _xDiseases _vCongresses _924115 |
|
| 650 | 0 |
_aNeurophysiology _vCongresses _9334762 |
|
| 650 | 0 |
_aNervous system _xPathology _vCongresses _9455438 |
|
| 650 | 0 |
_aNeural transmission _vCongresses _9413717 |
|
| 700 | 1 |
_aLevi, Giulio, _d1937-, _4edt _9455439 |
|
| 700 | 1 |
_aBattistin, Leontino, _d1939-, _4edt _9455440 |
|
| 700 | 1 |
_aLajtha, Abel, _4edt _9455441 |
|
| 710 | 2 |
_aInternational Society for Neurochemistry _9455442 |
|
| 887 | _a | ||
| 901 |
_a429010 _b07.11.1976 |
||
| 902 | _aE/O 612.8 In 8 | ||
| 949 |
_AVIRTUAITEM _D10000 _X100 _6PUR000429010ENG |
||
| 942 |
_2ddc _cBKS |
||
| 999 |
_aVIRTUA40 _c253003 _d253003 |
||
| 999 | _aVTLSSORT0080*0200*0400*0410*0440*0820*1110*2450*2600*3000*4400*5000*6500*6501*6502*6503*6504*6505*6506*7000*7001*7002*7100*9010*9020*9490*9991 | ||